[Event "10e Open Internationnal de Balagne"]
[Site "Calvi"]
[Date "2013.04.13"]
[Round "9"]
[White "Massoni, Michael "]
[Black "Rapport, Richard "]
[Result "1/2-1/2"]
[WhiteElo "2385"]
[BlackElo "2654"]
[PlyCount "155"]
[EventDate "2013.04.13"]

1. e4 g6 2. d4 Nf6 3. Nc3 d5 4. exd5 Nxd5 5. Nxd5 Qxd5 6. c4 Qd6 7. Be3 Bg7 8.
Qd2 c5 9. d5 O-O 10. Ne2 Nd7 11. Nc3 Ne5 12. Be2 Bf5 13. O-O Rfc8 14. h3 Qa6
15. b3 Qa5 16. Rac1 Rd8 17. Bg5 Rd7 18. Qe3 Rdd8 19. Bxe7 Re8 20. Qxc5 Qa6 21.
d6 Nd7 22. Qb5 Qa3 23. Qxb7 Qb2 24. Qf3 Bh6 25. Na4 Qxa2 26. Ra1 Qc2 27. Rfe1
Rab8 28. c5 Ne5 29. Qg3 Nc6 30. Bc4 Nxe7 31. Rxe7 Rxe7 32. dxe7 Re8 33. Re1 Qd2
34. Qe5 Bf4 35. Qe2 Qxe2 36. Rxe2 Bg5 37. Nc3 Rxe7 38. Rxe7 Bxe7 39. b4 Kf8 40.
Nd5 Bd8 41. Kf1 Be4 42. Ne3 f5 43. f3 Bb7 44. Ke2 Ke7 45. b5 Bc8 46. f4 Ba5 47.
Nd5+ Kd8 48. Nf6 h6 49. Ng8 Bb4 50. c6 Bf8 51. Nf6 Bd6 52. Kf3 g5 53. g3 gxf4
54. gxf4 Bf8 55. Nd5 Be6 56. Ne3 Bc8 57. Bd3 Be6 58. Bxf5 Bb3 59. Bd3 Ke7 60.
Kg4 Kd6 61. Nf5+ Kc5 62. Ne3 Bd6 63. Nf5 Bf8 64. Ng3 Kb6 65. f5 Bd6 66. f6 Bd1+
67. Kh4 Be5 68. Ne4 Bb2 69. Kg3 Bh5 70. Kf4 Bg6 71. Bc4 Bxe4 72. Kxe4 Bxf6 73.
Kd5 Kc7 74. Ke6 Bg5 75. Kf5 Bd2 76. Ke6 Be3 77. Kf5 Bd2 78. Ke6 1/2-1/2